Výuka andragogiky na německých vysokých školách a její propojení s andragogickým výzkumem a praxí

Výučba a výskum vzdelávania dospelých na nemeckých vysokých školách. Údaje o pozícii andragogiky na nemeckých vysokých školách. Andragogika ako vedný odbor. Tematické zastúpenie vo výskume a vo výučbe. Prepojenie vysokoškolských pracovísk s praxou.

Gespeichert in:
Bibliographische Detailangaben
1. Verfasser: Beneš, Milan
Format: Buchkapitel
Sprache:Tschechisch
Schlagworte:
Tags: Tag hinzufügen
Keine Tags, Fügen Sie das erste Tag hinzu!

MARC

LEADER 00000naa$a2200000$$$4500
001 0044492
005 20230918125205.2
041 0 |a cze 
044 |a SK 
245 1 0 |a Výuka andragogiky na německých vysokých školách a její propojení s andragogickým výzkumem a praxí  |c Milan Beneš 
520 |a Výučba a výskum vzdelávania dospelých na nemeckých vysokých školách. Údaje o pozícii andragogiky na nemeckých vysokých školách. Andragogika ako vedný odbor. Tematické zastúpenie vo výskume a vo výučbe. Prepojenie vysokoškolských pracovísk s praxou. 
610 2 0 |a andragogika 
610 2 0 |a výučba vedecká 
610 2 0 |a výskum 
610 2 0 |a školy vysoké 
610 2 0 |a Nemecko 
100 1 |a Beneš, Milan